• 首页
  • 本馆介绍
  • 公告通知
  • 最新文献
  • 馆藏检索
  • 电子资源
  • 读者导购
  • 参考咨询
  • 我的图书馆
  • 登录
  • 详细信息显示
  • 放入我的书架
  • 预约/预借图书
  • 作者相关作品
  • 分类相关作品
  • 丛书相关作品
  • 出版社相关作品

书目信息

  • 表格格式
  • 工作单格式
  • 卡片格式
题名:
沙乡年鉴
    
 
作者: 利奥波德 , Leopold 著 ;侯文蕙 译
分册:  
出版信息: 长春   吉林人民出版社  2005
页数: 252页
开本: 20cm
丛书名: 绿色经典文库
单 册:
中图分类: I712.65 , X24
科图分类:
主题词: 随笔--美国--现代--选集 , 人--关系--自然环境 , 自然环境 , 人类生态学 , 哲学--人类生态学
电子资源:
ISBN: 7-206-02812-8
000 01200oam2 2200373 45
001 012005603056
005 20070708152956.15
010    @a7-206-02812-8@dCNY27.60
092    @aCN@b470836
100    @a20051016d2005 em y0chiy0120 ea
101 1  @achi@ceng
102    @aCN@b220000
105    @ay z 000yy
200 1  @a沙乡年鉴@9sha xiang nian jian@f[美]奥尔多·利奥波德(Akdo Leopold)著@g侯文蕙译
205    @a2版
210    @a长春@c吉林人民出版社@d2005
215    @a252页@d20cm
225 2  @a绿色经典文库@h第一批
300    @a本书根据Oxford university press,london,oxford,new,york,1968年版翻译
330    @a本书是一部探讨年鉴的历史、理论、事业、方法的论著,对年鉴的起源与定性、中外年鉴事业的现状及发展进行了比较研究。
461  0 @12001 @a绿色经典文库
510 1  @aA sand county almanac@zeng
606 0  @a随笔@y美国@z现代@x选集
606 0  @a人@x关系@x自然环境
606 0  @a自然环境
606 0  @a人类生态学
606 0  @a哲学@x人类生态学
690    @aI712.65@v4
690    @aX24@v4
701  1 @a利奥波德@9li ao bo de@bA.@4著
701  1 @aLeopold@bAkdo@4著
702  0 @a侯文蕙@9hou wen hui@4译
801  0 @aCN@bLZJBOOK@c20070708
905    @a10447@dI712.65@e515=2
    
    沙乡年鉴/[美]奥尔多·利奥波德(Akdo Leopold)著/侯文蕙译.-2版.-长春:吉林人民出版社,2005
    252页;20cm.-(绿色经典文库.第一批)
    本书根据Oxford university press,london,oxford,new,york,1968年版翻译
    
    ISBN 7-206-02812-8:CNY27.60
    本书是一部探讨年鉴的历史、理论、事业、方法的论著,对年鉴的起源与定性、中外年鉴事业的现状及发展进行了比较研究。
●
相关链接 在E读中查询图书 在五车中查询图书 在当当中查询图书 在豆瓣中查询图书


正题名:沙乡年鉴     索取号:I712.65/515=2         预约/预借

序号 登录号 条形码 馆藏地/架位号 状态 备注
1 0554729   205547292   第一样本阅览室/ [索取号:I712.65/515=2] 在馆    
2 0554730   205547309   第二借阅区/ [索取号:I712.65/515=2] 在馆    
3 0554731   205547318   第二借阅区/ [索取号:I712.65/515=2] 在馆    
4 0554732   205547327   第二借阅区/ [索取号:I712.65/515=2] 在馆    
5 0554733   205547336   第二借阅区/ [索取号:I712.65/515=2] 在馆    
6 0554734   205547345   第二借阅区/ [索取号:I712.65/515=2] 在馆    
7 0554735   205547354   第二借阅区/ [索取号:I712.65/515=2] 在馆    
8 0554736   205547363   第二借阅区/ [索取号:I712.65/515=2] 在馆    
唐山师范学院图书馆 欢迎您!
大连网信软件有限公司© 版权所有